Mein Ne baghdad Jaltay Dekha (Record no. 609319)

000 -LEADER
fixed length control field 00358nam a22001337a 4500
020 ## - INTERNATIONAL STANDARD BOOK NUMBER
International Standard Book Number 969370214
040 ## - CATALOGING SOURCE
Transcribing agency nust
082 ## - DEWEY DECIMAL CLASSIFICATION NUMBER
Classification number 954.9015
Author Mark RAO
100 ## - MAIN ENTRY--PERSONAL NAME
Personal name Rao, Muneer, Sarwar
9 (RLIN) 122951
245 ## - TITLE STATEMENT
Title Mein Ne baghdad Jaltay Dekha
260 ## - PUBLICATION, DISTRIBUTION, ETC.
Place of publication, distribution, etc. Lahore:
Name of publisher, distributor, etc. National Book Foundation,
Date of publication, distribution, etc. 2005.
650 ## - SUBJECT ADDED ENTRY--TOPICAL TERM
Topical term or geographic name entry element Mein Ne baghdad Jaltay Dekha
9 (RLIN) 122952
942 ## - ADDED ENTRY ELEMENTS (KOHA)
Source of classification or shelving scheme
Koha item type Book

No items available.

© 2023 Central Library, National University of Sciences and Technology. All Rights Reserved.